| 000 | 00543nam a2200181Ia 4500 | ||
|---|---|---|---|
| 999 |
_c39190 _d39190 |
||
| 003 | GCL | ||
| 005 | 20240530103420.0 | ||
| 008 | 140319s9999 xx 000 0 ara d | ||
| 040 |
_aGCL / _cGCL |
||
| 082 | 0 | 4 |
_a239.8 _bع س |
| 100 | 1 | _aعائشة عبدالرحمن | |
| 245 | 1 | 0 | _aالسيدة سكينة بنت الحسين رضى الله عنهما / |
| 300 | _a244 ص | ||
| 650 | 0 | 4 | _aالسيرة الذاتية |
| 650 | 0 | 4 | _aالسيدة سكينة بنت الحسين |
| 700 | 1 | _aعائشة عبدالرحمن | |
| 942 |
_2ddc _cBK |
||